Wszystkie szczyty korony ziemii - Statystyki

Ogólne statystyki
  • Ten quiz został rozwiązany 244 razy
  • Średni wynik to 5 z 7
Statystyki odpowiedzi
kontynet Góra % Poprawnych
Afryka Kilimandżaro
91%
Azja Mount Everest
85%
Europa Mont Blanc
81%
Australia (NIE AUSTRALIA I OCEANIA!) Gora Kosciuszki
73%
Ameryka płn. Denali
56%
Ameryka płd. Aconcagua
55%
Antarktyda Masyw Vinsona
32%
Nie znaleziono quizów pasujących do podanych kryteriów
Rozkład punktacji
Procent ludzi z każdym wynikiem
Percentyl według liczby udzielonych odpowiedzi
Twoja historia wyników
Nie rozwiązałeś tego quizu